000 01038 a2200253 4500
005 20260318112507.0
008 260318b |||||||| |||| 00| 0 eng d
020 _a9788126318858 (hbk)
037 _cTB
040 _aCRL
_cCRL
041 _2hin
_ahin
084 _aO152,3x Q0
_qCRL
100 _aभटनागर, तरुण
_9860562
245 _aगुलमेंहदी की झाड़ियाँ
250 _aसंस्करण 3
260 _aदिल्ली, भारत:
_bभारतीय ज्ञानपीठ,
_c2010.
300 _a152पृ.
365 _b150.00
_cINR
490 _aलोकोदय ग्रंथमाला: ग्रंथांक 929
650 _aहिन्दी कहानी
650 _aहिन्दी साहित्य
942 _cTB
_2CC
_eसंस्करण 3
_hO152,3x Q0
999 _c1466657
_d1466657